Les Bannis ont droit d'amour, Bossu de Notre-Dame (Disney) - Statistiques

Statistiques générales
  • Ce quiz a été pris 39 fois
  • Le résultat moyen est 115 sur 144
Statistiques - réponses
Hint Réponse % Correct
j'
100%
[CITOYENS] | [ESMERALDA] Je
100%
l'
100%
le
100%
Les
100%
les
100%
à
96%
a
96%
bannis
96%
d'
96%
droit
96%
m'
96%
Ô
96%
on
96%
ont
96%
si
96%
Si
96%
amour
92%
Ce
92%
de
92%
là-
92%
la
92%
mon
92%
sais,
92%
au
88%
Dieu
88%
gloire
88%
gloire,
88%
ma
88%
ne
88%
Seigneur,
88%
veux
88%
ces
84%
ciel
84%
En
84%
Entend
84%
humble
84%
jusqu'
84%
mots
84%
or
84%
qu'
84%
son
84%
Car
80%
doit
80%
faim
80%
mémoire
80%
pain
80%
qui
80%
tu
80%
appel
76%
des
76%
haut
76%
honore
76%
mendier
76%
mes
76%
misère
76%
Moi,
76%
moi
76%
Monteront
76%
pour
76%
que
76%
très
76%
aime
72%
bien
72%
cœur
72%
dans
72%
enfants
72%
entendras,
72%
entendras
72%
gitane
72%
Immortel
72%
ni
72%
Notre-Dame
72%
rien,
72%
sont
72%
toi
72%
un
72%
désire
68%
Éternel
68%
frères
68%
impure,
68%
jour
68%
malheureux
68%
prière
68%
toujours
68%
tout
68%
aux
64%
cette
64%
grâce,
64%
Mais
64%
mendiants
64%
miséreux
64%
part
64%
solitaires
64%
Fais
60%
Nous
60%
restes
60%
sourd
60%
ta
60%
Éclaire
56%
espère
56%
implorons
56%
Nulle
56%
Roi
56%
âme
52%
cœurs
52%
Protège
52%
exclue,
48%
Tous
48%
gueux
40%
Aucun quiz correspondant
Distribution des résultats
% des personnes avec chaque résultat
Percentile par nombre de réponses
Votre historique - résultats
Vous n’avez pas pris ce quiz